| 000 | 00358nam a22001577a 4500 | ||
|---|---|---|---|
| 003 | SGT | ||
| 020 | _a9789381390306 | ||
| 082 |
_a611 _bB13R |
||
| 100 | _aRANDHAWA, S.S. | ||
| 245 | _aA TB. OF BIOLOGICAL SCIENCE ( ANATOMY & PHYSIOLOGY) | ||
| 250 | _a1ST | ||
| 260 |
_aINDIA _bPEE VEE PUB _c2013 |
||
| 300 | _a647 | ||
| 650 | _aANATOMY | ||
| 942 |
_2ddc _cBK _02 |
||
| 999 |
_c21376 _d21376 |
||